Krajská knižnica Karola Kmeťka v Nitre - interiér

Na minha lista:
Detalhes bibliográficos
Autor principal: Balážová, Valéria (Author)
Outros Autores: Mazalán, Peter (Thesis advisor)
Formato: Manuscrito Livro
Idioma:eslovaco
Publicado em: 2025
Assuntos:
Acesso em linha:http://is.stuba.sk/zp/portal_zp.pl?podrobnosti=185307
Tags: Adicionar Tag
Sem tags, seja o primeiro a adicionar uma tag!

MARC

LEADER 00000ntm a22000003a 4500
001 stuzp104295
003 SK-STU
005 20250607210507.6
007 ta
008 150427s2015----xo-----f-mn---000-0-slo-d
040 |a STU  |b slo 
041 0 |a slo 
100 1 |a Balážová, Valéria  |u 055150  |4 aut  |U FAD Fakulta architektúry a dizajnu  |T FAD Ústav interiéru a výstavníctva  |X 122757  |U A5150  |Y 396  |7 122757 
242 0 1 |a Karol Kmeťko Regional Library in Nitra - Interior  |y eng 
245 1 0 |a Krajská knižnica Karola Kmeťka v Nitre - interiér 
260 |c 2025 
650 4 |a library reconstruction  |2 eng 
650 4 |a cultural and educational spaces  |2 eng 
650 4 |a public interior  |2 eng 
650 4 |a reading room  |2 eng 
650 4 |a library  |2 eng 
650 4 |a kultúrne a vzdelávacie priestory  |2 slo 
650 4 |a čitáreň  |2 slo 
650 4 |a rekonštrukcia knižnice  |2 slo 
650 4 |a verejný interiér  |2 slo 
650 4 |a knižničné priestory  |2 slo 
700 1 |a Mazalán, Peter  |u 055150  |k Z1  |4 ths  |U FAD Fakulta architektúry a dizajnu  |T FAD Ústav interiéru a výstavníctva  |X 17958  |U A5150  |Y 396  |7 A000017958 
856 4 |u http://is.stuba.sk/zp/portal_zp.pl?podrobnosti=185307